Normal view
MARC view
Entry Personal Name
001 - CONTROL NUMBER
- control field: 244054
003 - CONTROL NUMBER IDENTIFIER
- control field: OSt
005 - DATE AND TIME OF LATEST TRANSACTION
- control field: 20251105114622.0
008 - FIXED-LENGTH DATA ELEMENTS
- fixed length control field: 251105|| aca||aabn | a|a d
040 ## - CATALOGING SOURCE
- Original cataloging agency: OSt
- Transcribing agency: OSt
100 ## - HEADING--PERSONAL NAME
- Personal name: VENKATESHA MURTI (H S)
- Dates associated with a name: ಎಚ್.ಎಸ್. ವೆಂಕಟೇಶಮೂರ್ತಿ
670 ## - SOURCE DATA FOUND
- Source citation: Work cat.: (OSt)115910: VENKATESHA MURTI (H S) ಎಚ್.ಎಸ್. ವೆಂಕಟೇಶಮೂರ್ತಿ , Kamsayana Urmila manthara: Muru natakagalu, 2003